<?xml version="1.0" encoding="UTF-8"?>
<record
    xmlns:xsi="http://www.w3.org/2001/XMLSchema-instance"
    xsi:schemaLocation="http://www.loc.gov/MARC21/slim http://www.loc.gov/standards/marcxml/schema/MARC21slim.xsd"
    xmlns="http://www.loc.gov/MARC21/slim">

  <leader>00520nam a22001457a 4500</leader>
  <datafield tag="999" ind1=" " ind2=" ">
    <subfield code="c">114866</subfield>
    <subfield code="d">114866</subfield>
  </datafield>
  <controlfield tag="005">20191129112439.0</controlfield>
  <controlfield tag="008">191129b           ||||| |||| 00| 0 eng d</controlfield>
  <datafield tag="040" ind1=" " ind2=" ">
    <subfield code="c">PK-LaUMT</subfield>
  </datafield>
  <datafield tag="082" ind1=" " ind2=" ">
    <subfield code="a">158.1</subfield>
    <subfield code="b">DYE-Q</subfield>
  </datafield>
  <datafield tag="100" ind1=" " ind2=" ">
    <subfield code="a">Dyer, Wyen W. = &#x688;&#x627;&#x626;&#x646;&#x60C; &#x648;&#x627;&#x626;&#x646; &#x688;&#x628;&#x644;&#x6CC;&#x648;</subfield>
  </datafield>
  <datafield tag="245" ind1=" " ind2=" ">
    <subfield code="a">Quwwat-e-aradi = &#x642;&#x648;&#x62A; &#x627;&#x631;&#x627;&#x62F;&#x6CC; /</subfield>
    <subfield code="c">by Wyen W. Dyer; translated Riaz Mahmood Anjum = &#x627;&#x632; &#x648;&#x627;&#x626;&#x646; &#x688;&#x628;&#x644;&#x6CC;&#x648; &#x688;&#x627;&#x626;&#x631;&#x61B; &#x645;&#x62A;&#x631;&#x62C;&#x645; &#x631;&#x6CC;&#x627;&#x636; &#x645;&#x62D;&#x645;&#x648;&#x62F; &#x627;&#x646;&#x62C;&#x645;</subfield>
  </datafield>
  <datafield tag="260" ind1=" " ind2=" ">
    <subfield code="a">Lahore :</subfield>
    <subfield code="b">Book Home,</subfield>
    <subfield code="c">2018</subfield>
  </datafield>
  <datafield tag="300" ind1=" " ind2=" ">
    <subfield code="a">312 p.</subfield>
  </datafield>
  <datafield tag="942" ind1=" " ind2=" ">
    <subfield code="c">BK</subfield>
  </datafield>
  <datafield tag="952" ind1=" " ind2=" ">
    <subfield code="0">0</subfield>
    <subfield code="1">0</subfield>
    <subfield code="4">0</subfield>
    <subfield code="7">0</subfield>
    <subfield code="a">01</subfield>
    <subfield code="b">01</subfield>
    <subfield code="d">2019-11-29</subfield>
    <subfield code="l">2</subfield>
    <subfield code="o">158.1 DYE-Q</subfield>
    <subfield code="p">131261</subfield>
    <subfield code="r">2025-02-01 15:57:04</subfield>
    <subfield code="s">2025-01-17</subfield>
    <subfield code="w">2019-11-29</subfield>
    <subfield code="y">BK</subfield>
  </datafield>
</record>
